Genre, text, grammar (Record no. 150160)

MARC details
000 -LEADER
fixed length control field 00670nam a2200277Ia 4500
008 - FIXED-LENGTH DATA ELEMENTS--GENERAL INFORMATION
fixed length control field 210210b2010 xxu||||| |||| 00| 0 eng d
020 ## - INTERNATIONAL STANDARD BOOK NUMBER
International Standard Book Number 9788125040217
041 ## - LANGUAGE CODE
Language code of text/sound track or separate title eng
082 ## - DEWEY DECIMAL CLASSIFICATION NUMBER
Classification number 425 KNAG
100 ## - MAIN ENTRY--PERSONAL NAME
Personal name KNAPP (Peter)
245 ## - TITLE STATEMENT
Title Genre, text, grammar
Remainder of title Technologies for teaching and assessing writing
260 ## - PUBLICATION, DISTRIBUTION, ETC.
Place of publication, distribution, etc. Hyderabad
Name of publisher, distributor, etc. Orient BlackSwan
Date of publication, distribution, etc. 2010
300 ## - PHYSICAL DESCRIPTION
Extent 256
650 ## - SUBJECT ADDED ENTRY--TOPICAL TERM
Topical term or geographic name entry element writing
650 ## - SUBJECT ADDED ENTRY--TOPICAL TERM
Topical term or geographic name entry element text,
650 ## - SUBJECT ADDED ENTRY--TOPICAL TERM
Topical term or geographic name entry element Technologies
650 ## - SUBJECT ADDED ENTRY--TOPICAL TERM
Topical term or geographic name entry element teaching
650 ## - SUBJECT ADDED ENTRY--TOPICAL TERM
Topical term or geographic name entry element grammar
650 ## - SUBJECT ADDED ENTRY--TOPICAL TERM
Topical term or geographic name entry element Genre,
650 ## - SUBJECT ADDED ENTRY--TOPICAL TERM
Topical term or geographic name entry element for
650 ## - SUBJECT ADDED ENTRY--TOPICAL TERM
Topical term or geographic name entry element assessing
650 ## - SUBJECT ADDED ENTRY--TOPICAL TERM
Topical term or geographic name entry element and
690 ## - LOCAL SUBJECT ADDED ENTRY--TOPICAL TERM (OCLC, RLIN)
Topical term or geographic name as entry element English Grammar
700 ## - ADDED ENTRY--PERSONAL NAME
Personal name WATKINS (Megan)
906 ## - LOCAL DATA ELEMENT F, LDF (RLIN)
a 067429
Holdings
Withdrawn status Lost status Damaged status Not for loan Collection code Home library Current library Shelving location Date acquired Source of acquisition Cost, normal purchase price Total Checkouts Full call number Barcode Date last seen Price effective from Koha item type
          St Aloysius Library St Aloysius Library   02/17/2021 Navakarnataka Publication Pvt Ltd., Mangalore. 395.00   425 KNAG 067429 02/17/2021 02/17/2021 Book